Zkoušky lepených spojů (kov s kovem). Zkouška lámavosti lepených spojů. STN 66 8511
Enregistré dans:
| Format: | Livre |
|---|---|
| Langue: | tchèque |
| Publié: |
Praha :
Úřad pro normalizaci a měření,
1960
|
| Sujets: | |
| Tags: |
Pas de tags, Soyez le premier à ajouter un tag!
|
MARC
| LEADER | 00000nam a22000003a 4500 | ||
|---|---|---|---|
| 001 | stu75226 | ||
| 005 | 20150408175544.2 | ||
| 008 | 020325s1960----cs------------------cze-d | ||
| 040 | |a STU |b slo | ||
| 041 | 0 | |a cze | |
| 044 | |a cs | ||
| 080 | |a 621.88 | ||
| 080 | |a 620.17 | ||
| 245 | |a Zkoušky lepených spojů (kov s kovem). Zkouška lámavosti lepených spojů. STN 66 8511 | ||
| 260 | |a Praha : |b Úřad pro normalizaci a měření, |c 1960 | ||
| 300 | |a 3 s | ||
| 650 | 7 | |a Spoje lepené |2 stusub | |
| 996 | |b 284M035015 |c M*N-411-1 |l MMKN |s A |a 24 |w stu75226_0001 | ||